000 00400nam a2200133Ia 4500
008 151001s9999||||xx |||||||||||||| ||und||
100 _aसुमन क्षेत्रमाडे
245 _aरामावतार त्यागी
250 _a1
260 _bमनोविकास प्रकाशन पुणे
260 _c1986
300 _a112
365 _b18
999 _c969528
_d969525